| 000 | 00697nam a22002057a 4500 | ||
|---|---|---|---|
| 003 | OSt | ||
| 005 | 20240625081300.0 | ||
| 008 | 240625b |||||||| |||| 00| 0 eng d | ||
| 020 | _a9715101844 | ||
| 040 |
_aDWC- Main Lib _cOC |
||
| 082 | _aFil. 266 Es81w 2005 | ||
| 100 | _aEstioko , Leonardo R. | ||
| 245 |
_aWitness to the word : _breadings on St. Arnold Janssen and the SVD mission / _cLeonardo R. Estioko. |
||
| 260 |
_aManila, Philippines : _b Logos Publishing, _cc2005. |
||
| 300 |
_a143 pages : _billustrations ; _c23 cm. |
||
| 504 | _aIncludes bibliographical references. | ||
| 600 | _21. Jansen, Arnold, Saint, 1837-1909 | ||
| 650 | _a2. Christian missions. | ||
| 942 |
_2ddc _cBK - FIL _n1 |
||
| 999 |
_c1326 _d1326 |
||